000 01590cas a2200409 a 4500
001 13514330
003 OSt
005 20120109131539.0
008 040305c20039999ug fr p gw f0 0eng
010 _a 2003406896
022 _y1729-4672
035 _a(OCoLC)ocm54536017
037 _bThe Chairman, Uganda Law Reform Commission, 8th Floor, Workers' House, Plot no. 1 Pilkington Road, P.O. Box 12149, Kampala, Uganda
040 _aDLC
_cDLC
_dMiEM
_dDLC
_dMH-L
_dOCoLC
_dIEN
042 _alc
043 _af-ug---
050 0 0 _aK25
_b.G373
082 _a348.0056761
245 0 4 _aThe Uganda living law journal Vol.1 No.2 2003/.
260 _aKampala, Uganda :
_bUganda Law Reform Commission,
_cc2003-
300 _av. ;
_c24 cm.
310 _aSemiannual
362 0 _aVol. 1, no. 1 (June 2003)-
500 _a"Journal of the Uganda Law Reform Commission."
500 _aTitle from cover.
500 _aLatest issue consulted: Vol. 5, no. 1 (June 2007).
650 0 _aLaw
_zUganda
_vPeriodicals.
_96106
710 2 _aUganda Law Reform Commission.
_95120
906 _a7
_bcbc
_cserials
_d2
_encip
_f20
_gn-oclcserc
942 _2ddc
_cPER
999 _c4915
_d4915